1030 1708 1003 1113 1034 1868 1383 1107 1887 1563 1727 1123 1483 1036 1054 1965 1418 1163 1719 1574 1588 1809 1440 1782 1855 1602 1022 1608 1644 1329 1073 1784 1967 1915 1223 1439 1931 1783 1163 1697 1908 1600 1023 1436 1852 1365 1059 1417 1095 1712 1821 1129 1399 1121 1476 1581 1115 1315 1388 1806 1517 1164 1319 1603 1914 1734 1466 1484 1776 1428 1422 1636 1190 1676 1702 1817 1652 1796 1563 1386 1713 1209 1983 1044 1299 1010 1482 1259 1598 1250 1417 1519 1048 1039 1713 1087 1546 1605 1991 BCNSPRNW ULIB Ver.6.0+V

เปลี่ยนเป็นภาษาไทย

Change to English
 แสดงรายละเอียดบรรณานุกรม
  กลับหน้าหลัก

Brief Record : Get Marc (ISO 2709) : E-mail record : QR code < ปิดหน้าต่าง
LEADER : 00000nam 2200000uu 4500
001    13399112925
003     ULIB
008    110627s2550||||th 000 0 tha d
020    9789748371542
090    นว.^bA111ซ 2550
100 0  Angie Sage
245 00 เซ็ปติมัส ฮีป ปาฏิหาริย์หมายเลขเจ็ด 3 จอมขมังเวช/^cAngie Sage
250    พิมพ์ครั้งที่ 2
260    กรุงเทพฯ :^bนามมีบุ๊คส์พับลิเคชั่นส์,^c2550
300    480 หน้า
710 1  นามมีบุ๊คส์พับลิเคชั่นส์
945    ^p295^l0^i022070
995    ทศพร
999 ^a ใช้งานได้ทุกระบบ
รายการนี้ยังไม่มีแท็ก
คุณยังไม่ได้ล็อกอิน คุณสามารถมีกิจกรรมร่วมกับเว็บไซต์ได้ แต่ต้องล็อกอินก่อน ::
  ล็อกอิน

รายการสื่อสารสนเทศ

ลำดับที่ ประเภท เลขเรียก/บาร์โค้ด สถานที่ สถานะ
- ไม่พบข้อมูล -

รายการใกล้เคียง
    ผู้แต่ง [Angie Sage]

BibComment


ยังไม่เคยถูกคอมเมนท์

คอมเมนท์ทรัพยากรรายการนี้
  คอมเมนท์: เซ็ปติมัส ฮีป ปาฏ..


 Copyright 2026. Bcnsprnw @Library